| 000 | 00824nab a2200241u 4500 | ||
|---|---|---|---|
| 001 | 16703 | ||
| 003 | HDC | ||
| 007 | c| |||a|c|aaaa | ||
| 008 | 210220b20140529my ||||| |||| 00| 0 may d | ||
| 040 | _aHDC | ||
| 100 |
_aMuzaffar Syah Mallow / _eauthor _916414 |
||
| 245 | 0 |
_aPenguatkuasaan halal haram lindungi peniaga, pengguna / _cMuzaffar Syah Mallow |
|
| 336 |
_atext _2rdacontent |
||
| 337 |
_acomputer _2rdamedia |
||
| 338 |
_aonline resource _2rdacarrier |
||
| 650 |
_aCadbury chocolate _916387 |
||
| 650 |
_aCadbury Confectionary Malaysia _916415 |
||
| 710 | _aBERITA HARIAN | ||
| 856 | _zRequest full-text at [email protected] | ||
| 942 | _2lcc | ||
| 942 | _cNEWS | ||
| 942 | _kNWSC 004925 | ||
| 999 |
_c14019 _d14019 |
||